Vols tenir un negoci online brillant? : Digiemprèn, el web de formació gratuïta en e-commerce pensat exclusivament per a tu! Digiemprèn, el web de formació gratuïta en e-commerce pensat exclusivament per a tu!
Descripción Física:
1 fulletó ; il. col. ; 15 x 21 cm
Idioma:
Catalán
MARC
| LEADER | 00000nam a22000007a 4500 | ||
|---|---|---|---|
| 001 | 27558 | ||
| 003 | Arxiu | ||
| 005 | 20260324181156.0 | ||
| 008 | 230321b spa||||| |||| 00| 0 cat d | ||
| 017 | |a B 4328-2019 | ||
| 040 | |a agdb |b cat | ||
| 110 | 1 | |9 53630 |a Barcelona (Catalunya : Província). |b Oficina de Mercats i Fires Locals | |
| 245 | |a Vols tenir un negoci online brillant? : |b Digiemprèn, el web de formació gratuïta en e-commerce pensat exclusivament per a tu! | ||
| 260 | |a Barcelona : |b Diputació de Barcelona. Oficina de Mercats i Fires Locals ; |c 2019 | ||
| 300 | |a 1 fulletó ; |b il. col. ; |c 15 x 21 cm | ||
| 650 | 0 | |9 56011 |a Comerç al detall |x Ensenyament virtual | |
| 650 | 0 | |9 54708 |a Emprenedoria |x Ensenyament | |
| 710 | 1 | |a Barcelona (Catalunya : Província). |b Gerència de Serveis de Comerç |9 54400 | |
| 942 | |2 udc |c ARXIU |n 1 | ||
| 952 | |0 0 |1 0 |2 udc |4 0 |6 FU74167 |7 1 |9 65688 |a Arxiu |b Arxiu |d 2023-03-21 |l 0 |o FU-74-167 |p 27558 |r 2023-03-21 00:00:00 |w 2023-03-21 |y ARXIU | ||
| 999 | |c 83216 |d 83216 | ||